Music Quiz

Random Music or Year Quiz

The Billboard Hot 100 Top 10 in 1978 Quiz Stats

 Plays Quiz not verified by Sporcle

Score 0/86 Timer 20:00
0 Plays Today
Highest Position in 1978 Song Title % Correct
1Stayin' Alive
82.1%
1Night Fever
74.4%
1How Deep Is Your Love
64.1%
1Baby Come Back
59%
3Blue Bayou
59%
6You Light Up My Life
59%
1You're The One That I Want
56.4%
1Shadow Dancing
56.4%
2Baker Street
51.3%
1Grease
48.7%
8Y.M.C.A.
48.7%
4We Are The Champions
43.6%
2Short People
43.6%
1(Love Is) Thicker Than Water
43.6%
6Dust In The Wind
43.6%
1Miss You
43.6%
5Summer Nights
43.6%
1Le Freak
43.6%
10Hold The Line
43.6%
7Sentimental Lady
41%
3Here You Come Again
38.5%
8Come Sail Away
38.5%
3It's A Heartache
38.5%
8Copacabana (at The Copa)
38.5%
2Too Much Heaven
38.5%
3Emotion
35.9%
1If I Can't Have You
35.9%
10This Time I'm In It For Love
35.9%
1Boogie Oogie Oogie
35.9%
Highest Position in 1978 Song Title % Correct
1Hot Child In The City
35.9%
5I Love The Nightlife (Disco 'round)
35.9%
3Just The Way You Are
33.3%
1Three Times A Lady
33.3%
5An Everlasting Love
33.3%
3Hopelessly Devoted To You
33.3%
1Kiss You All Over
33.3%
1You Don't Bring Me Flowers
33.3%
9(Our Love) Don't Throw It All Away
33.3%
4(Every Time I Turn Around) Back In Love Again
30.8%
4You're In My Heart (The Final Acclaim)
30.8%
3Sometimes When We Touch
30.8%
6Dance, Dance, Dance (Yowsah, Yowsah, Yowsah)
30.8%
3Hot Blooded
30.8%
8Magnet And Steel
30.8%
8Beast Of Burden
30.8%
4My Life
30.8%
1Too Much, Too Little, Too Late
28.2%
8Love Is Like Oxygen
28.2%
4Don't Look Back
28.2%
2Double Vision
28.2%
4Feels So Good
25.6%
7On Broadway
25.6%
9Shame
25.6%
3Reminiscing
25.6%
1You Needed Me
25.6%
3How Much I Feel
25.6%
9Thunder Island
23.1%
8Jack And Jill
23.1%
Highest Position in 1978 Song Title % Correct
2The Closer I Get To You
23.1%
3Last Dance
23.1%
1MacArthur Park
23.1%
5Slip Slidin' Away
20.5%
10Hey Deanie
20.5%
3Lay Down Sally
20.5%
7I Go Crazy
20.5%
1With A Little Luck
20.5%
7Love Is In The Air
20.5%
7Time Passages
20.5%
7Imaginary Lover
17.9%
3Take A Chance On Me
17.9%
5Whenever I Call You ''Friend''
17.9%
4I Just Wanna Stop
17.9%
3Can't Smile Without You
15.4%
10Our Love
15.4%
8Count On Me
15.4%
4Still The Same
15.4%
8Dance With Me
15.4%
7The Groove Line
15.4%
6Love Will Find A Way
15.4%
9Get Off
15.4%
6You Belong To Me
12.8%
4Use Ta Be My Girl
12.8%
7Sharing The Night Together
12.8%
9Got To Get You Into My Life
10.3%
10You Never Done It Like That
10.3%
9We'll Never Have To Say Goodbye Again
7.7%

You're not logged in!

Compare scores with friends on all Sporcle quizzes.
OR
Log In

Show Comments

Extras

Top Quizzes Today


Score Distribution

Your Account Isn't Verified!

In order to create a playlist on Sporcle, you need to verify the email address you used during registration. Go to your Sporcle Settings to finish the process.

Report this User

Report this user for behavior that violates our Community Guidelines.

Details: